000 00606nam a2200169 a 4500
001 000020964
005 20200930011212.0
008 100825s1997 dr ac 001 0 spa d
020 _a959709214X
040 _aDO-SdBNP
_bspa
_cBNPHU
100 1 _aEfrén González, Ricardo.
_943909
245 1 0 _aChe en la revolución cubana, 1955-1966 /
_cRicardo Efrén González, Pedro Alvarez Tabío.
260 _aLa Habana :
_bOficina de Publicaciones del Consejo de Estado
_bInstituto Cubano del Libro,
_c1997.
300 _a174 p, :
_bil., retrs. ;
_c28 cm.
700 1 _aAlvarez Tabía, Pedro
_943910
049 _aBNPD
999 _c20467
_d20467